Our town ; The skin of our teeth ; The matchmaker

Uloženo v:
Podrobná bibliografie
Hlavní autor: Wilder, Thorton
Médium: Kniha
Jazyk:Undetermined
Vydáno: Londres, Inglaterra Penguin Books 1962
Témata:
Tagy: Přidat tag
Žádné tagy, Buďte první, kdo vytvoří štítek k tomuto záznamu!

MARC

LEADER 00000nam a2200000Ia 4500
008 170316s9999 xx 000 0 und d
040 |a cru BVZT 
090 |a 810 W-27o 
100 |a Wilder, Thorton 
245 |a Our town ; The skin of our teeth ; The matchmaker 
260 |a Londres, Inglaterra 
260 |b Penguin Books 
260 |c 1962 
300 |a 280 páginas 
650 |a LITERATURA ESTADOUNIDENSE 
999 |c 6274  |d 6274 
942 |c 15 D  |h 810 W-27o  |2 z